Letters of the alphabet: A quiz for kids - Statistics

General Stats
  • This quiz has been taken 546 times
  • The average score is 25 of 26
Answer Stats
Answer % Correct
a
100%
c
98%
d
98%
e
98%
f
98%
q
98%
b
97%
h
97%
w
97%
g
96%
i
96%
t
96%
j
95%
o
95%
p
95%
r
95%
s
95%
u
95%
k
94%
l
94%
n
94%
x
94%
y
94%
z
94%
m
93%
v
93%
No matching quizzes found
Score Distribution
Percent of People with Each Score
Percentile by Number Answered
Your Score History
You have not taken this quiz